| Tag |
First Indicator |
Second Indicator |
Subfields |
| LEADER |
00000cam a22000001a 4500 |
| 001 |
in00003352467 |
| 006 |
m d f |
| 007 |
cr bn mmmapmmp |
| 008 |
100623s1990 dcu o f000 0 eng d |
| 005 |
20260429183218.3 |
| 035 |
|
|
|a cis2007883637
|
| 040 |
|
|
|a ProQuest
|c ProQuest
|d UtOrBLW
|
| 043 |
|
|
|a n-us---
|
| 099 |
|
|
|a CRS-1990-AML-0046
|
| 110 |
2 |
|
|a Library of Congress.
|b Congressional Research Service.
|
| 245 |
1 |
0 |
|a Effect of INS v. Chadha on Section 402 (Jackson-Vanik Amendment) of the Trade Act of 1974.
|
| 264 |
|
1 |
|a [Place of publication not identified] :
|b [publisher not identified],
|c 1990.
|
| 300 |
|
|
|a 1 online resource.
|
| 336 |
|
|
|a text
|b txt
|2 rdacontent
|
| 337 |
|
|
|a computer
|b c
|2 rdamedia
|
| 338 |
|
|
|a online resource
|b cr
|2 rdacarrier
|
| 500 |
|
|
|a Record is based on bibliographic data in ProQuest U.S. Congressional Research Digital Collection (last viewed June 2010). Reuse except for individual research requires license from ProQuest, LLC.
|
| 500 |
|
|
|a CRS Report.
|
| 520 |
|
|
|a Analyzes the Supreme Court decision in Immigration and Naturalization Service v. Chadha that the legislative veto provision in the Immigration and Nationality Act of 1952 is unconstitutional. Assesses the ruling's potential impact on sections of the Trade Act of 1974 which set forth procedures for congressional review of extensions of the President's authority to waive freedom of emigration requirements of the Trade Act.
|
| 500 |
|
|
|a Electronic resource.
|
| 650 |
|
0 |
|a Judge-made law.
|
| 650 |
|
0 |
|a Emigration and immigration.
|
| 655 |
|
7 |
|a Electronic books.
|2 local
|
| 710 |
2 |
|
|a ProQuest (Firm)
|
| 776 |
0 |
8 |
|i Microfiche version:
|a Library of Congress. Congressional Research Service.
|t Effect of INS v. Chadha on Section 402 (Jackson-Vanik Amendment) of the Trade Act of 1974
|
| 830 |
|
0 |
|a U.S. Congressional Research.
|
| 856 |
4 |
0 |
|u http://proxy.library.tamu.edu/login?url=https://congressional.proquest.com/congcomp/getdoc?CRDC-ID=CRS-1990-AML-0046
|z Connect to the full text of this electronic book
|t 0
|
| 999 |
|
|
|a MARS
|
| 999 |
f |
f |
|s 61c0f749-aa1c-375d-bcd0-2229025a1ba5
|i 168ef869-d8f1-34fa-9fdd-633629670d23
|t 0
|
| 952 |
f |
f |
|a Texas A&M University
|b College Station
|c Electronic Resources
|s www_evans
|d Available Online
|t 0
|e CRS-1990-AML-0046
|h Other scheme
|
| 998 |
f |
f |
|a CRS-1990-AML-0046
|t 0
|l Available Online
|